000 00546nam a2200181Ia 4500
003 GCL
008 140319s9999 xx 000 0 ara d
040 _aGCL /
_cGCL
082 0 4 _a810.91
_bهـ ب
100 1 _aهاشم صالح مناع
245 1 0 _aبدايات فى النقد الادبى /
_cهاشم صالح مناع
300 _a160 ص
490 _a
650 0 4 _aالعصر الجاهلى
650 0 4 _aالشعر العربى - تاريخ ونقد
650 0 4 _aالادب العربى - تاريخ ونقد
942 _2ddc
_cBK
999 _c38873
_d38873